000 00442nam a2200181Ia 4500
001 587
005 20260306140529.0
008 260306t2016||||xx |||||||||||||| ||spa||
041 _aESP
082 _a128
_bG42
100 _aGiacchetti Pastor, Aldo
_eAUT
245 0 _aLa persona como ser en relación en el pensamiento de Julián Marías
260 _c2016
300 _a
_c
650 _aGEN
654 _aCHU
942 _cLIB
_dJUS
_fJUS
_2ddc
_n
999 _c587
_d587